Export instability in India / (Record no. 22518)

MARC details
000 -LEADER
fixed length control field 00828nam a22002177a 4500
008 - FIXED-LENGTH DATA ELEMENTS--GENERAL INFORMATION
fixed length control field 090128t xxu||||| |||| 00| 0 eng d
010 ## - LCCN (DPL NO)
LC control number ENG-92644
020 ## - INTERNATIONAL STANDARD BOOK NUMBER
International Standard Book Number 8190246925
Terms of availability 375.00
035 ## - SYSTEM CONTROL NUMBER
System control number EN-76177
037 ## - SOURCE OF ACQUISITION
Source of stock number/acquisition DBAD / PUB
040 ## - CATALOGING SOURCE
Original cataloging agency dpl
Language of cataloging English
082 ## - DEWEY DECIMAL CLASSIFICATION NUMBER
Classification number 382.60954
100 ## - MAIN ENTRY--PERSONAL NAME
Personal name Niranjan Kumar Singh
245 ## - TITLE STATEMENT
Title Export instability in India /
Statement of responsibility, etc by Niranjan Kumar Singh
260 ## - PUBLICATION, DISTRIBUTION, ETC. (IMPRINT)
Place of publication, distribution, etc Varanasi
Name of publisher, distributor, etc Manish Prakashan
Date of publication, distribution, etc 2005
270 ## - ADDRESS
Address B 33/33-26-Rohit Nagar Colony, BHU,
City Varanasi
Postal code 5
300 ## - PHYSICAL DESCRIPTION
Extent 184p.
Dimensions 22cm (Hb)
500 ## - GENERAL NOTE
General note Includes bibliographical references
942 ## - ADDED ENTRY ELEMENTS (KOHA)
Source of classification or shelving scheme Dewey Decimal Classification
Item type English Books
Call number suffix NIR
Classification part 382.60954
Holdings
Withdrawn status Lost status Source of classification or shelving scheme Damaged status Not for loan Collection code Home library Current library Date acquired Source of acquisition Cost, normal purchase price Total Checkouts Full call number Barcode Date last seen Copy number Cost, replacement price Koha item type
    Dewey Decimal Classification   Not For Loan Non-fiction D.B.Act.Division D.B.Act.Division 28/01/2009 DBAD / PUB 375.00   382.60954 NIR EN-76177 28/01/2009 1 375.00 English Books

© Delhi Public Library
Hit Counter
free hit counter